000 00366nam a22001337a 4500
082 _a297.642
_bJAF
100 _aIrshad ul Asr Jaffary
245 _aMalka e Kainat salawatullah alaiha /
_cIrshad ul Asr Jaffary
260 _aIslamabad:
_bMubashra trust;
_c2019.
300 _a144p.
563 _aHB
650 _aAzwaj e Mutaharat
_9118108
942 _2ddc
_cBK
999 _c603142
_d603142